LEADER 00904naa a2200217 u 4500 001 000000093467 003 CaOOAMICUS 005 20070226130134.0 008 010704s1949 fr u000 u eng u 035 $a10895769 040 $aPUL(R)$bita 100 1 $aPreuss, Lawrence,$d1905-$0(OLS)http://pul/name/60140 245 10$aArticle 2, paragraph 7 of the Charter of the United Nations and matters of domestic juridiction /$cpar Lawrence Preuss. 260 $a[S. l. :$bs. n.],$c1949. 300 $aP. [547-653] 504 $aBibliografia in nota. 650 4$aDiritto internazionale.$0(OLS)http://pul/subject/2505 773 0 $tRecueil des cours$gv.I (1949) 773 0 $tRecueil des cours 1949$w()59742 996 $6245$aArticle 2, paragraph 7 of the Charter of the United Nations and matters of domestic juridiction$9(OLS)http://pul/title/120330 996 $6260$a[S. l. :$bs. n.]$9(OLS)http://pul/publisher/47882 LEADER 01469nam a2200349 a 4500 001 000000128315 003 CaOOAMICUS 005 20120403121640.0 008 120403m20129999it u000 u ita r 020 $a978-88-598-0755-1 (v. 2) 040 $aPUL$bita 082 04$a346.4507 100 1 $aCampobasso, Gian Franco,$d1942-2003.$0(OLS)http://pul/name/30569 245 10$aDiritto commerciale /$cGian Franco Campobasso. 250 $a8. ed. /$ba cura di Mario Campobasso 260 $aTorino :$bUTET Giuridica,$c2012- 300 $av.$c24 cm 490 1 $aSistema giuridico italiano 504 $aBibliografia in nota. 505 1 $av. 2. Diritto delle società. 650 4$aDiritto commerciale.$0(OLS)http://pul/subject/1505 700 1 $aCampobasso, Mario.$0(OLS)http://pul/name/66774 740 02$aDiritto delle società. 830 3$aIl sistema giuridico italiano.$0(OLS)http://pul/title/56027 850 $aPUL 852 $aPUL$W1$xSL Diritto e Scienze Sociali 3$y79$m346. 4507 CAMGI 4$j148552$av. 2$qDDC 21$B147103$CPULBib$Z2$F147103 $H119190 $82 996 $6020$a978-88-598-0755-1 (v. 2)$9(OLS)http://pul/number/149400 996 $6082$a346.4507$9(OLS)http://pul/classification/1803 996 $6245$aDiritto commerciale$9(OLS)http://pul/title/56026 996 $6740$aDiritto delle società$9(OLS)http://pul/title/162151 996 $6260$aTorino :$bUTET Giuridica$9(OLS)http://pul/publisher/79191